00000000cas 2200000zi 4500
0019.962187
003CaOODSP
00520260513095535
006m     o  d f      
007cr cn ||||||||
008260424d19931997qucmr p o    f0    0eng|d
040 |aCaOODSP|beng|erda|cCaOODSP
043 |an-cn---|an-cn-qu
0861 |aIu90-2/1E-PDF
24504|aThe FORD(Q) economic update.
2463 |aFORD (Q) economic update
2463 |aFederal Office of Regional Development (Québec) economic update
264 1|aMontreal, Quebec : |bFederal Office of Regional Development (Québec) = Bureau fédéral de développement régional (Québec), |c[1993-1997]
310 |aMonthly
336 |atext|btxt|2rdacontent
337 |acomputer|bc|2rdamedia
338 |aonline resource|bcr|2rdacarrier
3621 |aBegan with: Volume 5, number 1 (January 11, 1993); ceased with: Volume 9, number 5 (May 1997).
500 |aIssued also in French under title: L'informateur économique du BFDR(Q).
500 |aDigitized publication from print [produced by Innovation, Science and Economic Development Canada].
588 |aDescription based on: Volume 5, number 1 (January 11, 1993); title from PDF caption.
588 |aLatest issue consulted: Volume 9, number 5 (May 1997).
61020|aFederal Office of Regional Development (Quebec) (Canada)|vPeriodicals.
651 0|aQuébec (Province)|xEconomic conditions|vPeriodicals.
655 7|aPeriodicals|2lcgft
7102 |aFederal Office of Regional Development (Quebec) (Canada), |eissuing body.
77508|tL'informateur économique du BFDR(Q).|w(CaOODSP)9.962186